00517nam a2200193 a 4500001001300000003000900013005001700022008004100039020002300080082002000103100001700123245005300140260003500193300000900228500003500237505001000272650002400282700001700306nice12345678IN_TiNIC20260116015332.0110425s2010 newa grp 000 0 eng  a1932099743 c10000a303.62597bCAP1 aCapan, Ergun aIslamic Perspectiveb Terror and Suicide Attacks aNew Jersey, USA bLight c2010 a155p aincludes index and biblioraphy2 aindex aTerrorism and Islam1 aCapan, Ergun